Power system analysis (Record no. 1347)

000 -LEADER
fixed length control field 00590nam a2200229 a 4500
001 - CONTROL NUMBER
control field 1347
003 - CONTROL NUMBER IDENTIFIER
control field BD-DhUET
008 - FIXED-LENGTH DATA ELEMENTS--GENERAL INFORMATION
fixed length control field 931008s1994 nyua 001 0 eng
020 ## - INTERNATIONAL STANDARD BOOK NUMBER
International Standard Book Number 0070585156
020 ## - INTERNATIONAL STANDARD BOOK NUMBER
International Standard Book Number 0071133380
040 ## - CATALOGING SOURCE
Original cataloging agency DLC
Transcribing agency DLC
Modifying agency BD-DhUET
082 00 - DEWEY DECIMAL CLASSIFICATION NUMBER
Classification number 623.19
Item number GRA/1994
100 1# - MAIN ENTRY--PERSONAL NAME
Personal name Grainger, John J.
245 10 - TITLE STATEMENT
Title Power system analysis
250 ## - EDITION STATEMENT
Edition statement 1st ed.
260 ## - PUBLICATION, DISTRIBUTION, ETC. (IMPRINT)
Place of publication, distribution, etc. New York
Name of publisher, distributor, etc. McGraw-Hill
Date of publication, distribution, etc. 1994
300 ## - PHYSICAL DESCRIPTION
Extent xix, 787 p.
Other physical details ill.
504 ## - BIBLIOGRAPHY, ETC. NOTE
Bibliography, etc Includes bibliographies
650 #0 - SUBJECT ADDED ENTRY--TOPICAL TERM
Topical term or geographic name as entry element Electric power systems-Management
700 1# - ADDED ENTRY--PERSONAL NAME
Personal name Stevenson, William D.
942 ## - ADDED ENTRY ELEMENTS (KOHA)
Koha item type General Book
Holdings
Koha full call number Koha date last borrowed Date acquired Withdrawn status Lost status Koha item type Koha out on loan Source of classification or shelving scheme Koha issues (times borrowed) Price effective from Copy number Damaged status Koha normalized classification for sorting Koha renewals Koha date last seen Location (home branch) Not for loan Shelving location Piece designation (barcode) Sublocation or collection (holding branch)
623.19/GRA/19942024-03-042014-09-03  General Book  52014-09-031 623_000000000000000_19GRA1994 2024-06-01Central Library, BUET Circulation section103960Central Library, BUET
623.19/GRA/19942019-05-062014-09-03  General Book  12014-09-032 623_000000000000000_19GRA1994 2020-01-14Central Library, BUET Circulation section103961Central Library, BUET
623.19/GRA/19942025-07-132014-09-03  General Book  32014-09-033 623_000000000000000_19GRA199412025-11-03Central Library, BUET Circulation section103962Central Library, BUET
623.19/GRA/19942019-10-212014-09-03  General Book  12014-09-034 623_000000000000000_19GRA1994 2025-04-22Central Library, BUET Circulation section103963Central Library, BUET
623.19/GRA/19942023-11-272014-09-03  General Book2023-12-11 12014-09-035 623_000000000000000_19GRA1994 2023-11-27Central Library, BUET Circulation section103964Central Library, BUET
623.19/GRA/1994 2014-09-03  General Book   2014-09-036 623_000000000000000_19GRA1994 2016-01-26Central Library, BUET Circulation section103965Central Library, BUET
623.19/GRA/19942021-02-132014-09-03  General Book  12014-09-037 623_000000000000000_19GRA199422021-12-13Central Library, BUET Circulation section103966Central Library, BUET
623.19/GRA/19942022-02-062014-09-03  General Book2023-02-06 22014-09-038 623_000000000000000_19GRA1994 2022-02-06Central Library, BUET Circulation section103967Central Library, BUET
623.19/GRA/19942025-05-032014-09-03  General Book2025-05-17 52014-09-039 623_000000000000000_19GRA1994 2025-05-03Central Library, BUET Circulation section103968Central Library, BUET
623.19/GRA/1994 2015-06-21  Reading Item   2015-06-2110 623_190000000000000_GRA_1994 2015-06-21Central Library, BUET Reading section89529Central Library, BUET
623.19/GRA/1994 2015-06-21  Reading Item   2015-06-2111 623_190000000000000_GRA_1994 2015-06-21Central Library, BUET Reading section91138Central Library, BUET
623.19/GRA/1994 2015-07-02  Reading Item   2015-07-0212 623_190000000000000_GRA_1994 2015-07-02Central Library, BUET Reading section90777Central Library, BUET